00721nam a2200205 a 4500008004100000020001500041050002100056100001700077245011900094250000700213260003600220300001900256350000900275490006300284650002300347650001400370650004700384700002000431710006400451060405s2004 ||||||||||||||||| || u a9211126118 aUNCTAD(08)PIITCS aPeters, Ralf10aShifting sands : searching for a compromise in the WTO negotiations on agriculturecby Ralf Peters; David Vanzetti a23 aNew York:bUNITED NATIONSc2004 avi, 46p.: ill. a0.00 aPolicy Issues in International Trade and Commodities Study aAGRICUTURE--ZAMBIA aTEXTBOOKS aWORLD TRADE ORGANIZATION--HIGHER EDUCATION aVanzetti, David aUnited Nations Conference on Trade and Development (UNCTAD)